000 00760nam a22002417a 4500
003 UA-OsUOA
001 28956
007 ta
008 20050518b un ||||| |||| 00| 0 ukr d
090 _a349.3(477):36
_bП68
942 _cBK
040 _aUA-OsUOA
_bukr
_cUA-OsUOA
_dUA-OsUOA
245 _aПраво соціального забезпечення України
_bнавч. посіб.
_cВ. С. Стичинський, І. В. Зуб , П. І. Мінюков
300 _a440 с.
955 _a0
041 _aukr
080 _a349.3(477):36
020 _a966-7791-26-2
260 _aК.
_bЮридична книга
_c2003
044 _aUA
650 7 _a349.3 Право соціального забезпечення
_2UDC
999 _c315332
_d315332